Festival de la migración : (Registro nro. 4465)
[ vista simple ]
| 000 -CABECERA | |
|---|---|
| Campo de control | 00736nam a2200229 a 4500 |
| 005 - FECHA Y HORA DE LA ULTIMA TRANSACCION | |
| Campo de control | 20160108123027.0 |
| 008 - ELEMENTOS DE LONGITUD FIJA—INFORMACION GENERAL | |
| Campo de control | 140115b ck a gr|||| 00| 0 spa d |
| 040 ## - FUENTE DE CATALOGACIÓN | |
| Agencia catalogadora original | CO-BoIAVH |
| Agencia transcriptora | CO-BoIAVH |
| 041 0# - IDIOMA | |
| Código de idioma para texto/pista de sonido o título separado | Español |
| 044 ## - PAÍS DE PUBLICACIÓN | |
| País de publicación | Colombia |
| 090 ## - CLASIFICACIÓN LOCAL | |
| Colección | EA |
| Consecutivo | 00026 |
| 110 2# - ASIENTO PRINCIPAL--NOMBRE CORPORATIVO | |
| Unidad subordinad | Asociación Calidris |
| 9 (RLIN) | 3952 |
| 245 1# - MENCION DE TITULO | |
| Título | Festival de la migración : |
| Parte restante del título | viajeros sin maleta / |
| 260 ## - PUBLICACION, DISTRIBUCION, ETC. (PIE DE IMPRENTA) | |
| Lugar de publicación, distribución, etc. | Colombia : |
| Nombre del editor, distribuidor, etc. | Fundación Yubarta : |
| -- | CENIPACIFICO : |
| -- | Fundación Natura: |
| -- | Calidris, |
| Fecha de publicación, distribución, etc. | [s.f.] |
| 300 ## - DESCRIPCION FISICA | |
| Extensión | 18 páginas : |
| Otros detalles físicos | Ilustraciones ; |
| Dimensiones | 23 x 17 cm. |
| 650 #6 - ASIENTO SECUNDARIO DE MATERIA - TERMINO TEMATICO | |
| Término temático o nombre geográfico como elemento de entrada | Aves migratorias |
| 9 (RLIN) | 48877 |
| 650 #6 - ASIENTO SECUNDARIO DE MATERIA - TERMINO TEMATICO | |
| Término temático o nombre geográfico como elemento de entrada | Tortugas marinas |
| 9 (RLIN) | 48878 |
| 710 2# - ASIENTO SECUNDARIO - NOMBRE CORPORATIVO | |
| Nombre corporativo o de jurisdicción como elemento de entrada | Fundación Yubarta |
| 9 (RLIN) | 48879 |
| 710 2# - ASIENTO SECUNDARIO - NOMBRE CORPORATIVO | |
| Nombre corporativo o de jurisdicción como elemento de entrada | Fundación Natura |
| 9 (RLIN) | 2886 |
| 710 2# - ASIENTO SECUNDARIO - NOMBRE CORPORATIVO | |
| Nombre corporativo o de jurisdicción como elemento de entrada | CENIPACIFICO |
| 9 (RLIN) | 48880 |
| 942 ## - ELEMENTOS ADICIONALES (KOHA) | |
| Tipo de ítem | Folleto |
| Sistema de clasificación | Local |
| Withdrawn status | Lost status | Sistema de Clasificación | Damaged status | No para préstamo | Colección | Inventariado | Ubicación Permanente | Ubicación actual | Fecha de adquisición | Total Checkouts | Número topográfico | Inventario / Código de Barras | Date last seen | Ejemplar | Price effective from | Forma de adquisición | Tipo de material |
|---|---|---|---|---|---|---|---|---|---|---|---|---|---|---|---|---|---|
| Local | Educación Ambiental | Inventariado 2017 | Sala Fabio Quevedo | Sala Fabio Quevedo | 17/05/2005 | EA-00026 | 017864 | 04/12/2012 | Ej. 1 | 04/12/2012 | Folleto | ||||||
| Local | Educación Ambiental | Inventariado 2017 | Sala Fabio Quevedo | Sala Fabio Quevedo | 11/01/2006 | EA-00026 | 022835 | 04/12/2012 | Ej. 2 | 04/12/2012 | Folleto |